Normal view MARC view
  • Deepati, Vara Prasad

Entry Corporate Name

Number of records used in: 1

001 - CONTROL NUMBER

  • control field: 205269

003 - CONTROL NUMBER IDENTIFIER

  • control field: OSt

005 - DATE AND TIME OF LATEST TRANSACTION

  • control field: 20231120153122.0

008 - FIXED-LENGTH DATA ELEMENTS

  • fixed length control field: 231120|| aca||aabn | a|a d

040 ## - CATALOGING SOURCE

  • Original cataloging agency: OSt
  • Transcribing agency: OSt

110 ## - HEADING--CORPORATE NAME

  • Corporate name or jurisdiction name as entry element: Deepati, Vara Prasad

670 ## - SOURCE DATA FOUND

  • Source citation: Work cat.: (OSt)356570: Deepati, Vara Prasad , Herald of Health January to December 2020, February to December 2021& January to February 2022, 2020-22